| 000 | 01034nam a22003737a 4500 | ||
|---|---|---|---|
| 001 | 0068171 | ||
| 003 | KOHA_MİRAKIL | ||
| 005 | 20260207004747.0 | ||
| 007 | ta | ||
| 008 | 230201b2018 tu |||gr||||#||||0|tur | | ||
| 020 | _a9786059594387 | ||
| 040 |
_aTR-BiSEU _btur _cTR-BiSEU _erda |
||
| 041 | 0 | _atur | |
| 044 | _ctu | ||
| 050 |
_aQB44.3 _b.D47 2018 |
||
| 100 | 1 | _aDerman, Ethem. | |
| 245 | 1 |
_a7'den 77'ye Gökbilim/ _cEthem Derman ; Ethem Derman. |
|
| 264 | 1 |
_aİstanbul : _bPapatya Bilim Yayıncılık _c2018 |
|
| 300 | _aXII, 352 sayfa: resimli; 21 cm. | ||
| 336 |
_ametin _btxt _2rdacontent |
||
| 337 |
_aaracısız _bn _2rdamedia |
||
| 338 |
_acilt _bnc _2rdacarrier |
||
| 650 | 0 |
_aUydular. _9130574 |
|
| 650 | 0 |
_aUzay. _91640 |
|
| 650 | 0 |
_aSamanyolu. _9130575 |
|
| 650 | 0 |
_aYıldızlar. _926088 |
|
| 650 | 0 |
_aGökyüzü. _9130576 |
|
| 650 | 0 |
_aSatellites. _9130577 |
|
| 650 | 0 |
_aSpace. _961991 |
|
| 650 | 0 |
_aMilky Way. _9130578 |
|
| 650 | 0 |
_aStars. _926089 |
|
| 650 | 0 |
_aSky. _9130579 |
|
| 942 |
_2lcc _cBK |
||
| 999 |
_c68780 _d68780 |
||